000 00580aas a22001814i 4500
999 _c49662
_d49662
001 768714001
003 CO-MdFUSB
005 20190202100446.0
008 170428s1992 sp ||||| |||| 00| 0 spa d
040 _aCO-MdFUSB
_bspa
_cCO-MdFUSB
_dCO-MdFUSB
041 _aspa
100 1 _aPuigvert, Pere
_eautor
245 0 0 _aUna perspectiva española de la obra evangélica en Latinoamérica
300 _aVolumen 3, (1992) páginas 53 - 61
_c: 21 cm.
650 0 _aEvangelización
_9362
773 0 _tAndamio
_049451
_960453
_gVolumen 3, (1992) páginas 53 - 61
_qPágina 53
942 _cANA